| 000 -LEADER |
| fixed length control field |
00890pam a2200301 a 4500 |
| 001 - CONTROL NUMBER |
| control field |
013607796 |
| 003 - CONTROL NUMBER IDENTIFIER |
| control field |
Uk |
| 005 - DATE AND TIME OF LATEST TRANSACTION |
| control field |
20191226103500.0 |
| 008 - FIXED-LENGTH DATA ELEMENTS--GENERAL INFORMATION |
| fixed length control field |
061117r20072002enk j 000 1 eng d |
| 015 ## - NATIONAL BIBLIOGRAPHY NUMBER |
| National bibliography number |
GBA698534 |
| Source |
bnb |
| 016 7# - NATIONAL BIBLIOGRAPHIC AGENCY CONTROL NUMBER |
| Record control number |
013607796 |
| Source |
Uk |
| 020 ## - INTERNATIONAL STANDARD BOOK NUMBER |
| International Standard Book Number |
9780747589778 (pbk.) : |
| 040 ## - CATALOGING SOURCE |
| Original cataloging agency |
StDuBDS |
| Language of cataloging |
eng |
| Transcribing agency |
StDuBDS |
| Modifying agency |
Uk |
| 042 ## - AUTHENTICATION CODE |
| Authentication code |
ukblcatcopy |
| 082 ## - DEWEY DECIMAL CLASSIFICATION NUMBER |
| Classification number |
FIC SAC |
| 100 1# - MAIN ENTRY--PERSONAL NAME |
| Personal name |
Sachar, Louis, |
| Dates associated with a name |
1954- |
| Relator term |
author |
| 245 14 - TITLE STATEMENT |
| Title |
The boy who lost his face / |
| Statement of responsibility, etc. |
Louis Sachar. |
| 260 ## - PUBLICATION, DISTRIBUTION, ETC. |
| Place of publication, distribution, etc. |
London : |
| Name of publisher, distributor, etc. |
Bloomsbury, |
| Date of publication, distribution, etc. |
2007. |
| 300 ## - PHYSICAL DESCRIPTION |
| Extent |
198 p. ; |
| Dimensions |
20 cm. |
| 336 ## - CONTENT TYPE |
| Content type term |
text |
| Source |
rdacontent |
| 337 ## - MEDIA TYPE |
| Media type term |
unmediated |
| Source |
rdamedia |
| 338 ## - CARRIER TYPE |
| Carrier type term |
volume |
| Source |
rdacarrier |
| 500 ## - GENERAL NOTE |
| General note |
Originally published: New York: Knopf, 1989; London: Bloomsbury, 2002. |
| 500 ## - GENERAL NOTE |
| General note |
Formerly CIP. |
| Institution to which field applies |
Uk |
| 650 #0 - SUBJECT ADDED ENTRY--TOPICAL TERM |
| Topical term or geographic name entry element |
Blessing and cursing |
| Form subdivision |
Juvenile fiction. |
| 655 #0 - INDEX TERM--GENRE/FORM |
| Genre/form data or focus term |
Children's stories. |
| 942 ## - ADDED ENTRY ELEMENTS (KOHA) |
| Source of classification or shelving scheme |
|
| Koha item type |
Books - Fiction |